000 00350nam a2200145Ia 4500
008 191201s2010 xx 000 0 und d
082 _a658.301
_bBHH
100 _aBHATTACHARYYA, Dipak kumar
245 0 _aHuman Resource Planning
250 _a1st Rep.
260 _aN.Delhi
_bExcel Books
_c2010
300 _a441
650 _aMBA
942 _2ddc
_cBK
999 _c2698
_d2698